Najwieksze Miasta Unii Europejskiej(DLA KOLEGI IGNACEGO) - Statystyki

Ogólne statystyki
  • Ten quiz został rozwiązany 769 razy
  • Średni wynik to 8 z 10
Statystyki odpowiedzi
% Poprawnych
1 769 529 Warszawa
99%
3 613 495 Berlin
97%
8 825 000 Londyn
96%
3 182 981 Madryt
96%
2 206 488 Paryż
96%
2 865 234 Rzym
88%
1 888 776 Wiedeń
66%
1 749 734 Budapeszt
64%
1 877 155 Bukareszt
54%
1 830 584 Hamburg
46%
Nie znaleziono quizów pasujących do podanych kryteriów
Rozkład punktacji
Procent ludzi z każdym wynikiem
Percentyl według liczby udzielonych odpowiedzi
Twoja historia wyników
Nie rozwiązałeś tego quizu